| 000 | 00738 a2200241 4500 | ||
|---|---|---|---|
| 502 | _aThèse de Doctorat | ||
| 260 | _aWageningen | ||
| 653 | 1 | _aAgronomie | |
| 100 | _aCERVANTES-CARRILLO, J. Francisco | ||
| 041 | _bEn | ||
| 260 | _bUniversité de Wageningen | ||
| 300 | _a162 p. | ||
| 245 | _aQuinones as electron acceptors and redox mediators for the anaerobic biotransformation of priority pollutants | ||
| 300 | _bIll., Couv. ill. ; 24 cm | ||
| 260 | _c14 Janvier 2002 | ||
| 130 | _lEn | ||
| 040 | _aSupport | ||
| 041 | _bEn | ||
| 653 | 1 | _aNutrition et Sciences Alimentaires | |
| 100 | _uAbomey-Calavi, Université d'Abomey-Calavi, Faculté des Sciences Agronomiques, Bj | ||
| 020 | _a90-5808-567-8 | ||
| 999 |
_c31816 _d31816 |
||